[Event "Borac-MetalacTakovo"]
[Site "?"]
[Date "2005.09.28"]
[Round "4.5"]
[White "Radovanovic, Dusan"]
[Black "Radivojevic, Miladin"]
[Result "0-1"]
[WhiteElo "2368"]
[BlackElo "2172"]
[PlyCount "68"]
[EventDate "2005.09.27"]

1. e4 c5 2. Nf3 d6 3. d4 cxd4 4. Nxd4 Nf6 5. Nc3 a6 6. Rg1 b5 7. g4 Bb7 8. f3
e6 9. g5 Nfd7 10. Be3 Be7 11. Bd3 Nc6 12. Nxc6 Bxc6 13. Qd2 Ne5 14. Qf2 h6 15.
f4 Nxd3+ 16. cxd3 d5 17. Bb6 Qd6 18. e5 Qb4 19. O-O-O hxg5 20. Bd4 Rh4 21. a3
Qb3 22. fxg5 Rxd4 23. Qxd4 Rc8 24. Rg2 Bd7 25. Rc2 b4 26. axb4 Ba4 27. Rcd2
Bxb4 28. Kb1 Bxc3 29. Qh4 Bxb2 30. Rxb2 Qxd1+ 31. Ka2 Rc1 32. Qh8+ Ke7 33. Ka3
Rc3+ 34. Ka2 Bb3+ 0-1

[Event "Metalac Takovo-Borac"]
[Site "?"]
[Date "2005.09.27"]
[Round "4.5"]
[White "Al Atarji, Sami"]
[Black "Pavlovic, Dejan"]
[Result "1-0"]
[WhiteElo "2099"]
[BlackElo "2366"]
[PlyCount "68"]
[EventDate "2005.09.27"]

1. e4 c5 2. Nf3 Nc6 3. d4 cxd4 4. Nxd4 Nf6 5. Nc3 e5 6. Ndb5 d6 7. Nd5 Nxd5 8.
exd5 Nb8 9. c4 Be7 10. c5 O-O 11. Be2 Na6 12. cxd6 Bxd6 13. O-O Nc7 14. a4 Nxb5
15. axb5 Bc5 16. Qb3 b6 17. Be3 Bd6 18. Ra4 Bb7 19. Rd1 Re8 20. Qa2 e4 21. g3
Qb8 22. Bg4 Bc5 23. Bxc5 bxc5 24. d6 Rd8 25. d7 g6 26. Be6 Kg7 27. Bxf7 Qe5 28.
Be8 Qe7 29. Qb3 h5 30. Qc3+ Kh7 31. Rc4 Rab8 32. Rxc5 Ba8 33. Re5 Qg7 34. Qc5
Qf6 1-0

[Event "Borac-Ina Dizajn"]
[Site "?"]
[Date "2005.09.28"]
[Round "5.1"]
[White "Paunovic, Dragan"]
[Black "Andonov, Bogumil"]
[Result "0-1"]
[WhiteElo "2503"]
[BlackElo "2418"]
[PlyCount "65"]
[EventDate "2005.09.27"]

1. c4 e5 2. g3 Nc6 3. Bg2 f5 4. Nc3 Nf6 5. d3 d6 6. e4 Be7 7. Nge2 O-O 8. O-O
Qe8 9. Nd5 Bd8 10. f3 g5 11. exf5 Bxf5 12. Nec3 Nxd5 13. cxd5 Nd4 14. Be3 Qg6
15. Ne4 c6 16. Bxd4 exd4 17. Qb3 Rf7 18. f4 c5 19. Rae1 gxf4 20. Rxf4 Bg5 21.
Nxg5 Qxg5 22. Qd1 Raf8 23. Qe2 Bd7 24. Rxf7 Rxf7 25. Rf1 Rxf1+ 26. Kxf1 Bg4 27.
Qe1 c4 28. Be4 c3 29. bxc3 Qf6+ 30. Qf2 Qxf2+ 31. Kxf2 dxc3 32. Ke1 b5 33. a3 {
necitko} 0-1

[Event "Ina Dizajn-Borac"]
[Site "?"]
[Date "2005.09.28"]
[Round "5.1"]
[White "Muratovic, Alija"]
[Black "Vratonjic, Slobo"]
[Result "1/2-1/2"]
[WhiteElo "2417"]
[BlackElo "2455"]
[PlyCount "134"]
[EventDate "2005.09.27"]

1. e4 c5 2. Nf3 e6 3. d4 cxd4 4. Nxd4 Nc6 5. Nc3 Qc7 6. Be2 Nf6 7. O-O Be7 8.
Be3 O-O 9. f4 d6 10. Qe1 Nxd4 11. Bxd4 e5 12. Be3 exf4 13. Rxf4 Be6 14. Rf1 d5
15. exd5 Nxd5 16. Nxd5 Bxd5 17. c4 Be4 18. Qf2 b6 19. Rac1 Bd6 20. Bf4 Rae8 21.
Bxd6 Qxd6 22. Bf3 Bxf3 23. Qxf3 Re6 24. a3 Qe7 25. Rc3 a5 26. h3 h6 27. Rb1 Rd8
28. Rc2 Re3 29. Qf2 a4 30. Rf1 Rd6 31. Qf5 Rf6 32. Qc8+ Kh7 33. Rxf6 Qxf6 34.
Rc1 Re2 35. Rf1 Qd4+ 36. Kh1 Qe4 37. Qf5+ Qxf5 38. Rxf5 Rxb2 39. Rxf7 Rc2 40.
Rb7 Rxc4 41. Rxb6 Rc3 42. Kh2 Rxa3 43. Ra6 Ra1 44. Kg3 a3 45. h4 h5 46. Kh2 Ra2
47. Kh3 Ra1 48. Kh2 Kg8 49. Ra7 Kf8 50. Kg3 a2 51. Kh2 Ke8 52. Kg3 Kd8 53. Kh2
Kc8 54. Kg3 Kb8 55. Ra6 Kb7 56. Ra5 Kb6 57. Ra4 Kb5 58. Ra8 Kc4 59. Rc8+ Kd3
60. Rd8+ Ke2 61. Ra8 Kf1 62. Kh2 Kf2 63. Ra3 g6 64. Rf3+ Ke2 65. Ra3 Kd2 66.
Ra8 Ke3 67. Ra4 Kd3 1/2-1/2

[Event "Borac-Ina Dizajn"]
[Site "?"]
[Date "2005.09.28"]
[Round "5.1"]
[White "Marinkovic, Ivan"]
[Black "Milisavljevic, Milisav"]
[Result "1-0"]
[WhiteElo "2444"]
[BlackElo "2182"]
[PlyCount "73"]
[EventDate "2005.09.27"]

1. e4 c5 2. Nf3 e6 3. Nc3 Nc6 4. g3 d5 5. exd5 exd5 6. Bg2 d4 7. Qe2+ Be6 8.
Ne4 h6 9. O-O Nf6 10. Bh3 Qe7 11. Nxf6+ Qxf6 12. Re1 Kd7 13. Bxe6+ fxe6 14. a3
Bd6 15. d3 Rhf8 16. Kg2 Rf7 17. Nd2 Raf8 18. Ne4 Qf5 19. Bd2 Qd5 20. Rf1 g5 21.
Rae1 Rf3 22. Qxf3 Rxf3 23. Kxf3 c4 24. Ke2 Qb5 25. Bc1 Qf5 26. f3 cxd3+ 27.
cxd3 Bc7 28. Kf2 Ne5 29. Kg2 Bd8 30. g4 Qf8 31. b4 Bc7 32. Nc5+ Kc8 33. f4 gxf4
34. Bxf4 Qg7 35. Bxe5 Bxe5 36. Re4 Bd6 37. Nxe6 1-0

[Event "Ina Dizajn-Borac"]
[Site "?"]
[Date "2005.09.28"]
[Round "5.1"]
[White "Djakovac, Enes"]
[Black "Radosavljevic, Dusan"]
[Result "0-1"]
[WhiteElo "2211"]
[BlackElo "2346"]
[PlyCount "50"]
[EventDate "2005.09.27"]

1. e4 c5 2. Nf3 Nc6 3. d4 cxd4 4. Nxd4 Nf6 5. Nc3 e5 6. Ndb5 d6 7. a4 a6 8. Na3
Be6 9. Nc4 Rc8 10. Be3 Nb4 11. b3 d5 12. exd5 Nbxd5 13. Nxd5 Nxd5 14. Bd2 Bc5
15. Qf3 O-O 16. Rd1 e4 17. Qg3 b5 18. axb5 axb5 19. Na5 Bb6 20. Nb7 Qe7 21. Nd6
Rxc2 22. Nxb5 Rxd2 23. Kxd2 Qb4+ 24. Kc1 Rc8+ 25. Kb2 Ne3 0-1

[Event "Borac-Ina Dizajn"]
[Site "?"]
[Date "2005.09.28"]
[Round "5.1"]
[White "Pavlovic, Dejan"]
[Black "Ikic, Alija"]
[Result "1-0"]
[WhiteElo "2366"]
[BlackElo "2106"]
[PlyCount "79"]
[EventDate "2005.09.27"]

1. e4 d6 2. d4 Nf6 3. Nc3 g6 4. f4 Bg7 5. Nf3 O-O 6. Bd3 Nc6 7. e5 dxe5 8. fxe5
Nh5 9. Be3 Bg4 10. Be2 f6 11. exf6 exf6 12. Qd2 f5 13. O-O-O f4 14. Bf2 a6 15.
d5 Ne7 16. Rhe1 Nf5 17. h3 Bxf3 18. Bxf3 Nhg3 19. Kb1 Nd6 20. Qd3 Ngf5 21. Ne4
Nxe4 22. Rxe4 Nh4 23. Bc5 Nxf3 24. Qxf3 Qf6 25. Rb4 a5 26. Rxb7 Rfb8 27. d6
Rxb7 28. Qxb7 Rd8 29. d7 Qe5 30. Ba3 Bf8 31. Qb3+ Kg7 32. Bxf8+ Kxf8 33. Qa3+
Qe7 34. Qc3 Kf7 35. Qxc7 g5 36. Qxa5 Kg6 37. Qd5 h5 38. c4 g4 39. hxg4 hxg4 40.
c5 1-0

[Event "Sloboda Bohor-VSK Sveti Nikolaj"]
[Site "?"]
[Date "2005.09.28"]
[Round "5.2"]
[White "Misailovic, Nebojsa"]
[Black "Iordachescu, Viorel"]
[Result "0-1"]
[WhiteElo "2357"]
[BlackElo "2606"]
[PlyCount "80"]
[EventDate "2005.09.27"]

1. e4 e5 2. Nf3 Nf6 3. Nxe5 d6 4. Nf3 Nxe4 5. d4 d5 6. Bd3 Nc6 7. O-O Be7 8. c4
Nb4 9. Be2 Be6 10. Nc3 O-O 11. a3 Nxc3 12. bxc3 Nc6 13. cxd5 Bxd5 14. Qa4 Bf6
15. Be3 Rb8 16. Rad1 a6 17. c4 b5 18. cxb5 axb5 19. Bxb5 Ra8 20. Qc2 Bxf3 21.
gxf3 Nxd4 22. Qc5 Nxf3+ 23. Kh1 Qc8 24. Bd7 Qa6 25. Bc6 Nd4 26. Bxa8 Qxa8+ 27.
f3 Ne6 28. Qc1 c5 29. Rd3 Qa6 30. Rd5 Bb2 31. Qb1 Qxa3 32. Qe4 c4 33. Rf2 Bf6
34. Kg2 c3 35. Qc4 Qa1 36. Rf1 Qa8 37. Qd3 Rc8 38. Rf5 Qa4 39. Rh5 g6 40. Rd5
c2 0-1

[Event "VSK Sveti Nikolaj-Sloboda Bohor"]
[Site "?"]
[Date "2005.09.28"]
[Round "5.2"]
[White "Stojanovic, Mihajlo"]
[Black "Djokic, Vladan"]
[Result "1-0"]
[WhiteElo "2519"]
[BlackElo "2294"]
[PlyCount "143"]
[EventDate "2005.09.27"]

1. Nf3 c5 2. c4 Nf6 3. Nc3 e6 4. d4 cxd4 5. Nxd4 a6 6. a3 Qc7 7. e4 d6 8. Be2
Nbd7 9. Be3 Be7 10. O-O O-O 11. Qd2 b6 12. Rac1 Bb7 13. f3 Rac8 14. Rfd1 Qb8
15. b4 Bd8 16. Nb3 Bc7 17. Bf4 e5 18. Be3 Rfd8 19. a4 Bc6 20. Rb1 Qa8 21. Qa2
a5 22. b5 Bb7 23. Nd5 Bxd5 24. cxd5 h6 25. Nd2 Qb8 26. Bf1 Re8 27. g3 Nc5 28.
Bh3 Rcd8 29. Nc4 Nfd7 30. Bf5 Nf8 31. h4 g6 32. Bh3 Kh7 33. Rb2 Nfd7 34. Rg2
Rh8 35. Qc2 Kg7 36. Kf2 Rdf8 37. Ke2 Bd8 38. Nb2 Be7 39. Bxd7 Nxd7 40. Qc6 Qa7
41. Rc1 Rb8 42. Qc7 Rb7 43. Qc3 Qb8 44. Kf1 f6 45. h5 g5 46. Qd3 Nc5 47. Bxc5
dxc5 48. Nc4 Bd6 49. Rgc2 Rf7 50. Ne3 Qc7 51. Kg2 Rhf8 52. Nf5+ Kh7 53. Qd1 Qd7
54. Qh1 Rg8 55. Qh3 g4 56. fxg4 Rg5 57. Rf1 Qd8 58. Rf3 Qf8 59. Ne3 Qd8 60. Qh1
Qf8 61. Qf1 Qd8 62. Rcf2 Kg7 63. Nf5+ Rxf5 64. Rxf5 Rf8 65. Qh1 Be7 66. g5 hxg5
67. Qh3 Qc8 68. d6 Bxd6 69. h6+ Kh7 70. Rxf6 Qxh3+ 71. Kxh3 Rd8 72. Rd2 1-0

[Event "VSK Sveti Nikolaj-Sloboda Bohor"]
[Site "?"]
[Date "2005.09.28"]
[Round "5.2"]
[White "Lajthajm, Borko"]
[Black "Andric, Zoran"]
[Result "1/2-1/2"]
[WhiteElo "2455"]
[BlackElo "2260"]
[PlyCount "114"]
[EventDate "2005.09.27"]

1. d4 Nf6 2. c4 e6 3. Nf3 b6 4. Nc3 Bb7 5. Bg5 h6 6. Bh4 d5 7. cxd5 exd5 8. e3
Be7 9. Bb5+ c6 10. Bd3 O-O 11. O-O Nbd7 12. Bg3 Nh5 13. Be5 Nhf6 14. Rc1 Re8
15. Bb1 Nf8 16. Qb3 Bd6 17. Rfd1 Qe7 18. a3 N8d7 19. Bxd6 Qxd6 20. Bf5 Re7 21.
Qb4 Ne8 22. Bxd7 Qxd7 23. a4 Qd6 24. Na2 Rc8 25. Qxd6 Nxd6 26. b3 f6 27. Rc2
Kf7 28. Rdc1 Ke6 29. Nb4 Kd7 30. a5 Ree8 31. Ne1 Nb5 32. a6 Ba8 33. Nbd3 Kd6
34. b4 Re7 35. h4 g5 36. hxg5 hxg5 37. g3 Rh7 38. Nf3 Rch8 39. Kg2 Nc7 40. Ra2
Nb5 41. Raa1 Re8 42. Rh1 Reh8 43. Rxh7 Rxh7 44. Nh2 Ke6 45. g4 Kd6 46. Nf1 Ke6
47. Ng3 Rh4 48. f3 Rh7 49. Nf5 Kf7 50. Kg3 Nc3 51. Kg2 Nb5 52. Nf2 Rh8 53. Nh3
Nc7 54. Kg3 Ne6 55. Rh1 Ke8 56. Rc1 Kd7 57. f4 gxf4+ 1/2-1/2

[Event "Sloboda Bohor-VSK Sveti Nikolaj"]
[Site "?"]
[Date "2005.09.28"]
[Round "5.2"]
[White "Civric, Zdravko"]
[Black "Kostic, Vladimir"]
[Result "0-1"]
[WhiteElo "2439"]
[BlackElo "2200"]
[PlyCount "76"]
[EventDate "2005.09.27"]

1. e4 c5 2. Nf3 Nc6 3. d4 cxd4 4. Nxd4 e5 5. Nb5 Nf6 6. N1c3 d6 7. Bg5 a6 8.
Bxf6 gxf6 9. Na3 b5 10. Nd5 Bg7 11. g3 f5 12. exf5 Bxf5 13. Bg2 Rc8 14. c3 O-O
15. O-O Ne7 16. Nc2 Nxd5 17. Bxd5 Kh8 18. Ne3 Be6 19. a4 Bxd5 20. Nxd5 e4 21.
axb5 axb5 22. Qe2 Qe8 23. Ra7 Rc5 24. Rd1 f5 25. Re7 Qd8 26. Rb7 Qc8 27. Rxb5
Qa6 28. c4 Qa2 29. Nf4 Rxb5 30. cxb5 Be5 31. Nd5 Qb3 32. b6 f4 33. Rd2 e3 34.
fxe3 fxg3 35. hxg3 Rg8 36. Qd3 Qa4 37. b4 Bxg3 38. b7 Qa1+ 0-1

[Event "Zadrugar-Jastrebac"]
[Site "?"]
[Date "2005.09.28"]
[Round "5.3"]
[White "Manolache, Marius"]
[Black "Kukov, Velislav"]
[Result "1-0"]
[WhiteElo "2462"]
[BlackElo "2258"]
[PlyCount "81"]
[EventDate "2005.09.27"]

1. d4 d6 2. Nf3 Bg4 3. c3 Bxf3 4. exf3 c6 5. Bd3 e6 6. O-O Nf6 7. f4 Be7 8. Re1
O-O 9. Qf3 Nbd7 10. Nd2 Re8 11. g4 Nf8 12. Nf1 d5 13. g5 N6d7 14. Ne3 f5 15.
gxf6 Nxf6 16. Kh1 Bd6 17. Rg1 c5 18. f5 cxd4 19. cxd4 Ne4 20. Bxe4 Qh4 21. Ng4
dxe4 22. Qxe4 exf5 23. Qxf5 Kh8 24. Be3 Ng6 25. Rg2 Qh3 26. Rag1 Nh4 27. Qh5 g6
28. Nh6 Rf8 29. Qg4 Qxg4 30. Rxg4 Nf3 31. d5 Be5 32. Rc1 Rad8 33. Rd1 b6 34.
Re4 Bd6 35. Rc1 Rd7 36. Rec4 Kg7 37. Rc8 Rxc8 38. Rxc8 g5 39. Nf5+ Kg6 40. Nxd6
Rxd6 41. Rc6 1-0

[Event "Jastrebac-Zadrugar"]
[Site "?"]
[Date "2005.09.28"]
[Round "5.3"]
[White "Zafirovski, Mite"]
[Black "Sahovic, Dragutin"]
[Result "1/2-1/2"]
[WhiteElo "2292"]
[BlackElo "2279"]
[PlyCount "27"]
[EventDate "2005.09.27"]

1. d4 Nf6 2. c4 g6 3. g3 d6 4. Bg2 c6 5. Nf3 Bg7 6. Nc3 Bf5 7. O-O Ne4 8. Nxe4
Bxe4 9. b3 c5 10. Bb2 Nc6 11. e3 d5 12. Qe2 cxd4 13. Nxd4 Nxd4 14. Bxd4 1/2-1/2

[Event "Zadrugar-Jastrebac"]
[Site "?"]
[Date "2005.09.28"]
[Round "5.3"]
[White "Stamenkovic, Zoran"]
[Black "Djordjevic, Nebojsa"]
[Result "1/2-1/2"]
[WhiteElo "2421"]
[BlackElo "2266"]
[PlyCount "30"]
[EventDate "2005.09.27"]

1. d4 Nf6 2. c4 g6 3. Nc3 Bg7 4. Nf3 d6 5. g3 O-O 6. Bg2 c6 7. O-O Nbd7 8. e4
e5 9. h3 Qb6 10. d5 Nc5 11. Ne1 cxd5 12. cxd5 Bd7 13. Nd3 Nxd3 14. Qxd3 Rfc8
15. Rb1 h5 1/2-1/2

[Event "Jastrebac-Zadrugar"]
[Site "?"]
[Date "2005.09.28"]
[Round "5.3"]
[White "Milutinovic, Zoran"]
[Black "Sekulic, Dusan"]
[Result "0-1"]
[WhiteElo "2171"]
[BlackElo "2366"]
[PlyCount "98"]
[EventDate "2005.09.27"]

1. Nf3 Nf6 2. c4 d6 3. d4 Nbd7 4. g3 e5 5. dxe5 dxe5 6. Bg2 Bc5 7. e3 O-O 8.
O-O Re8 9. Nc3 c6 10. b3 a5 11. Bb2 Qc7 12. Qc2 Bf8 13. Ng5 h6 14. Nge4 Nh7 15.
Bh3 g6 16. Nd2 f5 17. e4 Ng5 18. Bg2 f4 19. Nf3 Ne6 20. Ne2 g5 21. Bh3 Bg7 22.
Rad1 Ndf8 23. Bf5 g4 24. Nh4 f3 25. Nc1 Nd4 26. Bxd4 exd4 27. Rfe1 c5 28. Nd3
Bf6 29. Bxc8 Raxc8 30. Nf5 Bg5 31. a4 Ng6 32. Rb1 h5 33. h4 gxh3 34. Qd1 Ne5
35. Nxe5 Rxe5 36. Qxf3 Qh7 37. Kh2 Rce8 38. Kxh3 R8e6 39. Kg2 Qg6 40. Re2 Qe8
41. Rbe1 Qc6 42. Kg1 Qe8 43. Kh2 Rf6 44. Qd3 Qc6 45. Kg1 Rg6 46. Kh2 h4 47. Rg1
hxg3+ 48. fxg3 Rxf5 49. g4 Rf4 0-1

[Event "Zadrugar-Jastrebac"]
[Site "?"]
[Date "2005.09.28"]
[Round "5.3"]
[White "Trifunovic, Miroljub"]
[Black "Jovanovic, Dragan"]
[Result "0-1"]
[WhiteElo "2265"]
[BlackElo "2101"]
[PlyCount "96"]
[EventDate "2005.09.27"]

1. d4 d5 2. c4 c6 3. Nf3 Nf6 4. Qc2 e6 5. g3 Be7 6. Bg2 O-O 7. O-O b6 8. b3 Bb7
9. Bb2 Nbd7 10. Nbd2 Rc8 11. e4 dxe4 12. Nxe4 Qc7 13. Rad1 Rcd8 14. Rfe1 Rfe8
15. Nfg5 Nxe4 16. Nxe4 Nf6 17. Ng5 h6 18. Nh3 Bd6 19. c5 Be7 20. Nf4 Nd5 21.
Bxd5 exd5 22. b4 Qd7 23. Nd3 Bf6 24. Ne5 Bxe5 25. dxe5 b5 26. Re3 Qg4 27. Rd4
Qg6 28. Qd1 Bc8 29. h4 h5 30. Kg2 Re7 31. Rf4 Rde8 32. Ra3 Bg4 33. Qd3 Qh6 34.
Bd4 Bc8 35. Qc2 Qe6 36. Kg1 Qh3 37. Re3 g6 38. Qd3 Qd7 39. Rf6 Re6 40. Rxe6
Rxe6 41. Qd1 Re7 42. Qf3 Qg4 43. Qxg4 hxg4 44. Ra3 Rc7 45. f3 a6 46. Kf2 Kh7
47. Ra5 Kg8 48. fxg4 Bxg4 0-1

[Event "Jastrebac-Zadrugar"]
[Site "?"]
[Date "2005.09.28"]
[Round "5.3"]
[White "Rilak, slavoljub"]
[Black "Ljubisavljevic, Zika"]
[Result "1/2-1/2"]
[WhiteElo "2055"]
[BlackElo "2261"]
[PlyCount "52"]
[EventDate "2005.09.27"]

1. e4 c5 2. Nf3 Nc6 3. d4 cxd4 4. Nxd4 e5 5. Nb5 a6 6. Nd6+ Bxd6 7. Qxd6 Qf6 8.
Qxf6 Nxf6 9. Nc3 d5 10. exd5 Nb4 11. Bd3 Nbxd5 12. Nxd5 Nxd5 13. O-O O-O 14. c4
Nb4 15. Be4 f5 16. Bd2 fxe4 17. Bxb4 Re8 18. Rad1 Bg4 19. Rd2 a5 20. Bc3 a4 21.
Re1 Bf5 22. Rd5 Rac8 23. b3 Rc6 24. Rxe5 Rxe5 25. Bxe5 g6 26. h3 h5 1/2-1/2

[Event "Ribnica-Sloga"]
[Site "?"]
[Date "2005.09.28"]
[Round "5.5"]
[White "Vencl, Radivoje"]
[Black "Markovic, Zoran"]
[Result "1/2-1/2"]
[WhiteElo "2300"]
[BlackElo "2370"]
[PlyCount "78"]
[EventDate "2005.09.27"]

1. e4 c5 2. f4 g6 3. Nf3 Bg7 4. c3 d5 5. e5 Nc6 6. d4 cxd4 7. Nxd4 Nh6 8. Bb5
Bd7 9. Be3 O-O 10. Be2 Qc8 11. Nd2 f6 12. exf6 Bxf6 13. N2b3 Ng4 14. Bxg4 Bxg4
15. Nf3 Qe6 16. Kf2 Bxf3 17. Qxf3 Ne5 18. Nc5 Qc6 19. Qh3 Qb5 20. Rhe1 Nc4 21.
Qe6+ Kh8 22. Kg1 Nxe3 23. Qxe3 Qxb2 24. Ne6 Qxc3 25. Rad1 Qxe3+ 26. Rxe3 Rfc8
27. Rxd5 Rc1+ 28. Kf2 Rc2+ 29. Re2 Rac8 30. Rd8+ Rxd8 31. Rxc2 Rb8 32. g4 Kg8
33. Ke3 Kf7 34. f5 gxf5 35. gxf5 Be5 36. Ke4 Bd6 37. Ng5+ Kg8 38. Ne6 Kf7 39.
Ng5+ Kg8 1/2-1/2

[Event "Sloga-Ribnica"]
[Site "?"]
[Date "2005.09.28"]
[Round "5.5"]
[White "Organdziev, Oliver"]
[Black "Miletic, Slobodan"]
[Result "1-0"]
[WhiteElo "2326"]
[BlackElo "2138"]
[PlyCount "101"]
[EventDate "2005.09.27"]

1. e4 e5 2. Nf3 d6 3. d4 Nd7 4. Bc4 c6 5. a4 Be7 6. O-O Ngf6 7. dxe5 Nxe5 8.
Nxe5 dxe5 9. Qxd8+ Bxd8 10. Re1 b6 11. Nd2 Be7 12. Nf1 Nd7 13. Ne3 g6 14. f3
Nf8 15. c3 a5 16. Bd2 Be6 17. Bxe6 Nxe6 18. Nc4 Bc5+ 19. Be3 Bxe3+ 20. Rxe3 f6
21. Nxb6 Ra6 22. Nc4 Nc5 23. Re2 Ke7 24. Kf1 Rb8 25. Ke1 Ra7 26. Kd1 Rd7+ 27.
Kc2 Rdb7 28. Ra3 h5 29. Rd2 g5 30. Ra2 h4 31. Nxa5 Rb6 32. b4 Ra6 33. h3 Ne6
34. Nb3 Rba8 35. a5 Rb8 36. Ra1 Rb7 37. Rad1 c5 38. bxc5 Rc7 39. Rd5 Rac6 40.
Ra1 Ra7 41. Ra4 Nf4 42. Rd2 Ne6 43. Rc4 Rb7 44. Rb4 Rbc7 45. Rb5 Ke8 46. Kb2
Ke7 47. Ka3 Ke8 48. Kb4 Ke7 49. Ra2 Ra6 50. Rb6 Raa7 51. Rd2 1-0

[Event "Ribnica-Sloga"]
[Site "?"]
[Date "2005.09.28"]
[Round "5.5"]
[White "Nesic, Dragisa"]
[Black "Djokic, Nebojsa"]
[Result "0-1"]
[WhiteElo "2068"]
[BlackElo "2236"]
[PlyCount "152"]
[EventDate "2005.09.27"]

1. Nf3 Nf6 2. c4 g6 3. b3 Bg7 4. Bb2 O-O 5. e3 d6 6. Be2 e5 7. d3 Nc6 8. O-O
Ne8 9. Nbd2 e4 10. Nd4 exd3 11. Bxd3 Nb4 12. Be2 c5 13. a3 Na6 14. N2f3 cxd4
15. exd4 Nc5 16. b4 Ne6 17. Qb3 Nf4 18. Bd1 d5 19. c5 Nc7 20. Bc1 Nce6 21. Be3
a6 22. Rc1 g5 23. Ne5 Ng6 24. Bf3 Nxe5 25. dxe5 d4 26. Rfd1 Bxe5 27. Rc2 Qc7
28. Bc1 Bxh2+ 29. Kh1 Be5 30. g3 Bd7 31. c6 Bxc6 32. Rxc6 bxc6 33. Kg2 Qd6 34.
Rh1 Kg7 35. Qd3 f5 36. Bd1 Rf6 37. Bb3 h6 38. Re1 f4 39. Qe4 Nc7 40. Qxe5 Qxe5
41. Rxe5 Re8 42. Rxe8 Nxe8 43. Bb2 f3+ 44. Kh3 Rd6 45. Kg4 Kf6 46. Kxf3 Ke5 47.
Ke2 Nc7 48. Kd3 g4 49. Bc1 Nd5 50. Bb2 Nc3 51. Bc1 Rf6 52. Bf4+ Rxf4 53. gxf4+
Kxf4 54. Kxd4 Nb5+ 55. Kc5 Nxa3 56. Kxc6 h5 57. Bd5 Nc2 58. Kc5 h4 59. Bb7 h3
60. Kc4 h2 61. Bh1 Ne3+ 62. Kd3 Nf5 63. Bb7 Nh4 64. Bh1 Nf3 65. Ke2 Ke5 66. Ke3
Nd4 67. Kd3 Ne6 68. Ke3 Nf4 69. Kd2 Nd5 70. Kd3 Nxb4+ 71. Kc4 a5 72. Bg2 Kf4
73. Bh1 Nc2 74. Kc3 Ne1 75. Kc4 a4 76. Kc3 a3 0-1

[Event "Jasenice-Ribnica"]
[Site "?"]
[Date "2005.09.28"]
[Round "6.1"]
[White "Vajda, Albert"]
[Black "Vencl, Radivoje"]
[Result "1/2-1/2"]
[WhiteElo "2439"]
[BlackElo "2300"]
[PlyCount "134"]
[EventDate "2005.09.27"]

1. e4 e5 2. Bc4 Nc6 3. Nf3 d6 4. c3 h6 5. O-O g5 6. d4 Bg7 7. dxe5 dxe5 8.
Qxd8+ Nxd8 9. Na3 a6 10. Bb3 Be6 11. Rd1 Nc6 12. Nc4 Nge7 13. h4 g4 14. Nh2 h5
15. Nf1 Bh6 16. Bxh6 Rxh6 17. Rd2 Rd8 18. Rxd8+ Kxd8 19. Rd1+ Ke8 20. Nce3 Bxb3
21. axb3 Nd8 22. Ng3 Ne6 23. Nc4 f6 24. b4 Rh7 25. Na5 Nd8 26. Nb3 Nc8 27. Nf5
Ne7 28. Ne3 Nf7 29. Nc4 Nc8 30. Nc5 Nfd6 31. Ne3 Ne7 32. Ne6 Nxe4 33. Nxc7+ Kf7
34. Rd7 Kg6 35. Ne6 Rf7 36. Rxb7 Nc8 37. Rxf7 Kxf7 38. Nc7 Ncd6 39. Nxa6 f5 40.
Nc7 f4 41. Ned5 Nc4 42. b5 Nxb2 43. b6 Nc5 44. Nb4 Ke7 45. Nba6 Nb7 46. Nd5+
Ke6 47. Nac7+ Kf5 48. Ne8 e4 49. Ng7+ Ke5 50. Nb4 Na4 51. Nxh5 Nxb6 52. Nc6+
Kf5 53. Ne7+ Ke6 54. Ng6 f3 55. Nhf4+ Kf6 56. h5 Kg5 57. Ne5 Nd6 58. g3 Nbc4
59. Nxc4 Nxc4 60. Kf1 e3 61. fxe3 Nxe3+ 62. Ke1 Nc4 63. Kf2 Nd6 64. Ke3 Kh6 65.
Nd3 Kxh5 66. Ne5 Nf5+ 67. Kf2 Kg5 1/2-1/2

[Event "Ribnica-Jasenice"]
[Site "?"]
[Date "2005.09.28"]
[Round "6.1"]
[White "Miletic, Slobodan"]
[Black "Djoric, Dusan"]
[Result "0-1"]
[WhiteElo "2138"]
[BlackElo "2316"]
[PlyCount "100"]
[EventDate "2005.09.27"]

1. e4 e5 2. Nf3 Nf6 3. d3 Nc6 4. Be2 d5 5. Nbd2 Be7 6. c3 a5 7. O-O O-O 8. a4
Re8 9. Re1 h6 10. Qc2 Bc5 11. h3 Bf8 12. Nf1 Be6 13. Ng3 Qd7 14. Bd1 Rad8 15.
Nh4 g6 16. Nf3 Bg7 17. Bd2 Qd6 18. Be2 Nd7 19. Rab1 d4 20. c4 Nb4 21. Qd1 Nc5
22. Bc1 Bd7 23. Ra1 Ne6 24. Rf1 Qe7 25. Ne1 Nf4 26. Bg4 h5 27. Bxd7 Rxd7 28. b3
Ne6 29. Ne2 Bf6 30. Nf3 Nc5 31. Ne1 Bg7 32. Ng3 Ne6 33. Nf3 Nc5 34. Ne1 Ne6 35.
Bd2 b6 36. Bc1 Nc5 37. Kh2 h4 38. Ne2 Nbxd3 39. Nxd3 Nxe4 40. f3 Nc5 41. Ra2
Nxd3 42. Qxd3 Qe6 43. Bg5 e4 44. fxe4 Qe5+ 45. Bf4 Qxe4 46. Rf3 Qxd3 47. Rxd3
Re4 48. Bg5 Be5+ 49. Kg1 f6 50. Bc1 Re7 0-1

[Event "Ribnica-Jasenice"]
[Site "?"]
[Date "2005.09.28"]
[Round "6.1"]
[White "Palosevic, Abida"]
[Black "Stankovic, Dragan"]
[Result "1-0"]
[WhiteElo "2217"]
[BlackElo "2332"]
[PlyCount "83"]
[EventDate "2005.09.27"]

1. d4 Nf6 2. Nf3 g6 3. c4 Bg7 4. Nc3 d5 5. cxd5 Nxd5 6. g3 O-O 7. Bg2 c5 8. Qb3
Nxc3 9. bxc3 Nc6 10. e3 Na5 11. Qd1 Be6 12. O-O Bd5 13. Re1 Be4 14. Qe2 Rc8 15.
Bh3 Rc7 16. Nd2 Bc6 17. Ba3 cxd4 18. cxd4 Qd5 19. f3 Rd8 20. Ne4 Nc4 21. Bc1 e5
22. Bf1 b5 23. Nc3 Qd6 24. d5 e4 25. Nxe4 Qxd5 26. Rb1 a6 27. Qc2 f5 28. Bxc4
bxc4 29. Bb2 Bxb2 30. Red1 fxe4 31. Rxd5 Bxd5 32. fxe4 Be6 33. Qxb2 Bf7 34. Qf6
Rdc8 35. Rd1 Rf8 36. e5 c3 37. e6 c2 38. Rc1 Be8 39. Qb2 Ba4 40. Qe5 Rcc8 41.
e7 Rfe8 42. Qd5+ 1-0

[Event "Jasenice-Ribnica"]
[Site "?"]
[Date "2005.09.28"]
[Round "6.1"]
[White "Rihterovic, Milan"]
[Black "Nikolajevic, Branislav"]
[Result "1-0"]
[WhiteElo "2249"]
[BlackElo "2121"]
[PlyCount "97"]
[EventDate "2005.09.27"]

1. c4 Nf6 2. Nf3 e6 3. g3 b6 4. Bg2 Bb7 5. O-O c5 6. Nc3 Be7 7. b3 d6 8. d4
cxd4 9. Qxd4 a6 10. e4 Nbd7 11. Bb2 Qc7 12. h3 O-O 13. Nh2 Rfd8 14. Rfe1 Rac8
15. Rad1 Ba8 16. Ng4 Nxg4 17. hxg4 Ne5 18. f4 Nxg4 19. Nd5 e5 20. Nxc7 exd4 21.
Nxa8 Rxa8 22. Bxd4 Rab8 23. Bf3 h5 24. Kg2 b5 25. cxb5 axb5 26. Rh1 Nf6 27. e5
dxe5 28. fxe5 Nh7 29. Rxh5 Nf8 30. Rhh1 Ne6 31. Be3 Bc5 32. Kf2 Bd4 33. Bxd4
Rxd4 34. Ke3 Rxd1 35. Rxd1 b4 36. Bd5 Rb6 37. Bc4 Rb7 38. Rd6 Re7 39. Rb6 Nf8
40. Rxb4 Rxe5+ 41. Kd4 Rg5 42. a4 Rxg3 43. a5 Rg4+ 44. Kc5 Rg5+ 45. Kb6 Nd7+
46. Kc7 Rxa5 47. Kxd7 g6 48. Rb7 Rf5 49. Ke8 1-0

[Event "Jastrebac-Telekom"]
[Site "?"]
[Date "2005.09.28"]
[Round "6.1"]
[White "Kukov, Velislav"]
[Black "Pavlovic, Nebojsa"]
[Result "1/2-1/2"]
[WhiteElo "2258"]
[BlackElo "2313"]
[PlyCount "119"]
[EventDate "2005.09.27"]

1. Nf3 Nf6 2. c4 g6 3. Nc3 Bg7 4. d4 d6 5. e4 O-O 6. h3 c5 7. d5 e6 8. Bd3 exd5
9. exd5 Re8+ 10. Kf1 Na6 11. Bf4 Nc7 12. a4 Nh5 13. Bd2 f5 14. Qb3 b6 15. g3
Nf6 16. Re1 Rxe1+ 17. Nxe1 Bd7 18. Kg2 Rb8 19. Nf3 a6 20. Ra1 Qf8 21. Re1 Ne4
22. Nxe4 fxe4 23. Bxe4 b5 24. axb5 axb5 25. Bc3 bxc4 26. Qxc4 Nb5 27. Bxg7 Qxg7
28. b4 cxb4 29. Qxb4 Qc3 30. Qxc3 Nxc3 31. Bd3 Bb5 32. Bxb5 Rxb5 33. Re8+ Kf7
34. Rc8 Nxd5 35. Ng5+ Kg7 36. Rd8 Ne3+ 37. fxe3 Rxg5 38. Rxd6 Rf5 39. Rd7+ Kg8
40. g4 Rf8 41. Kg3 h6 42. Re7 Rf1 43. Re4 Rg1+ 44. Kf2 Rh1 45. Kg2 Re1 46. h4
Kg7 47. g5 hxg5 48. hxg5 Ra1 49. Re5 Kf7 50. Kf3 Ra4 51. Rb5 Rh4 52. e4 Ke6 53.
Rb6+ Ke5 54. Rb5+ Ke6 55. Ke3 Rh1 56. Rb6+ Ke5 57. Rb5+ Ke6 58. Rb2 Ke5 59.
Rb5+ Ke6 60. Rb6+ 1/2-1/2